Not The Title Character Quiz Stats

 Plays Quiz Updated Sep 15, 2015

Also try: Movies in Transit
Challenge
Share
Tweet
Score 0/24 Timer 06:00
1 Play Today
% Correct
The Wizard of Oz (Dorothy Gale)
98.8%
Finding Nemo (Marlin)
96%
Aladdin (Jasmine)
92.9%
Saving Private Ryan (Captain John H. Miller)
91%
Kill Bill: Vol. 1 (The Bride)
90.3%
Alice in Wonderland (Mad Hatter)
87.1%
WALL·E (Eve)
81.2%
Driving Miss Daisy (Hoke Colburn)
75.6%
Forrest Gump (Lieutenant Dan Taylor)
72%
Rocky 4 (Apollo Creed)
69.8%
Mad Max: Fury Road (Imperator Furiosa)
67.4%
Kick-Ass (Hit-Girl)
63.5%
% Correct
Good Will Hunting (Sean Maguire)
61.7%
Forgetting Sarah Marshall (Peter Bretter)
58.6%
Annie Hall (Alvy Singer)
52.9%
Jerry Maguire (Ray Boyd)
51.6%
Shakespeare in Love (Viola De Lesseps)
50.2%
What's Eating Gilbert Grape (Arnie Grape)
49.5%
Beetlejuice (Lydia Deetz)
47.9%
Wreck It Ralph (Vanellope von Schweetz)
46.6%
Donnie Darko (Frank)
41.1%
Léon: The Professional (Mathilda)
40.1%
Being John Malkovich (Craig Schwartz)
27%
I Am Sam (Lucy Diamond Dawson)
19.7%

You're not logged in!

Compare scores with friends on all Sporcle quizzes.
Join for Free
OR
Log In

You Might Also Like...

Show Comments

Extras

Top Quizzes Today


Score Distribution

Your Account Isn't Verified!

In order to create a playlist on Sporcle, you need to verify the email address you used during registration. Go to your Sporcle Settings to finish the process.

Report this User

Report this user for behavior that violates our Community Guidelines.

Details: